| 000 | 00991nam a2200241 a 4500 | ||
|---|---|---|---|
| 008 | 120416s1996 ||||||||||||||||| || u | ||
| 020 | _a088936799X | ||
| 050 | _aGN 380 Pos | ||
| 100 | _aPosey, Darrell Addison, 1947- | ||
| 245 | 1 | 0 | _aBeyond intellectual property : toward traditional resource rights for indigenous peoples and local communities / |
| 246 | _aToward traditional resource rights for indigenous peoples and local communities | ||
| 260 |
_aOttawa _bIDRC _c1996 |
||
| 300 | _axv, 303 p. | ||
| 350 | _a0.00 | ||
| 500 | _aIncludes bibliographical references and index. | ||
| 650 | _aCULTURE | ||
| 650 | _aETHNOSCIENCE | ||
| 650 | _aCULTURAL PROPERTY--PROTECTION--LAW AND LEGISLATION | ||
| 650 | 2 | _aINTELLECTUAL PROPERTY | |
| 650 | _aIndigenous peoples--Legal status, laws, etc | ||
| 700 | _aDutfield, Graham | ||
| 995 |
_D0.00 _FCBU-MAIN LIBRARY (Kitwe) _H1 _I0.00 _M1 _UAVAILABLE _ZMain Library Open Access Collection |
||
| 999 |
_c35795 _d35795 |
||